Normale Ansicht MARC-Ansicht ISBD

Krach anglijskoj politiki intervencii i diplomaticeskoj izoljacii Sovetskogo gosudarstva (1917 - 1924 gg.) (Titelsatznr. 31182)

[ MARC ]
MARC-Details
000 -Satzkennung
Kontrollfeld mit fester Länge 00707nam a22002291c 4500
001 - Kontrollnummer
Kontrollfeld a987694350
003 - Kontrollnummer Identifier
Kontrollfeld RU-10907106
005 - Datum und Zeit der letzten Transaktion
Kontrollfeld 20210531171430.0
008 - Feld mit fester Länge zur physischen Beschreibung - Allgemeine Angaben
Kontrollfeld mit fester Länge 200707s1954 gw |||| 000u rus d
040 ## - Katalogisierungsquelle
Übertragungsstelle RU-10907106
Original-Katalogisierungsstelle RU-10907106
Katalogisierungssprache ger
041 ## - Sprachcode
Sprachcode des Textes/der Tonspur oder des separaten Titels rus
100 1# - Haupteintragung - Personenname
Personenname Volkov, Fedor Dmitrievič
245 00 - Titel
Titel Krach anglijskoj politiki intervencii i diplomaticeskoj izoljacii Sovetskogo gosudarstva (1917 - 1924 gg.)
264 ## - Produktion, Veröffentlichung, Distribution, Herstellung und Urheberrechtsvermerk
Herstellungs-, Veröffentlichungs- Vertriebs-, Erzeugungsort Moskva :
Produzent, Herausgeber, Distributor, Hersteller Gosudarstvennoe izdatel'stvo političeskoj literatury,
Datum der Herstellung, der Veröffentlichung, des Vertriebs oder des Urheberschutzvermerks 1954
300 ## - Physische Beschreibung
Umfang 399 Seiten
648 ## - Nebeneintragung unter einem Schlagwort - Zeitschlagwort
Zeitschlagwort 1917-1924
650 #0 - Nebeneintragung unter einem Schlagwort - Sachschlagwort
Sachschlagwort oder geografischer Name als Eintragungselement Diplomatie
650 #0 - Nebeneintragung unter einem Schlagwort - Sachschlagwort
Sachschlagwort oder geografischer Name als Eintragungselement Militärische Intervention
651 ## - Nebeneintragung unter einem Schlagwort - Geografischer Name
Geografischer Name Großbritannien
651 ## - Nebeneintragung unter einem Schlagwort - Geografischer Name
Geografischer Name Sowjetunion
942 ## - Zusätzliche Felder (Koha)
Koha-Medientyp Monographien
Klassifikation oder Aufstellungssystematik Andere/Generische Klassifikation
Exemplare
Ausgeschieden Verloren Klassifikation oder Aufstellungssystematik Beschädigt Nicht entleihbar Heimatbibliothek Aufenthaltsbibliothek Aufstellungsort Erwerbungsdatum Inventarnummer Signatur Barcode Letzte Aktivität Preis gültig von Koha-Medientyp
    Andere/Generische Klassifikation     MWN Osteuropa MWN Osteuropa Magazin - 2 07/07/2020 21-00612 R 61 c Vol E0040150756FFA87 12/04/2021 22/03/2021 Monographien